000 00708nam a2200241Ia 4500
003 OSt
005 20221007075337.0
006 a|||||r|||| 00| 0
007 ta
008 221006b |||||||| |||| 00| 0 eng d
024 _a12,103
037 _cTextual
040 _aFLL
_cFLL
_beng
041 _2eng
_aeng
082 _aV2:238.N8, M8
100 _aShukla M.N. Au.
_9681823
245 0 _aLokayukta ombudsman in india a socio-legal study
260 _aNew Delhi
_bIndian institute of public administration India
_c1988
300 _a99p
_ccm.
700 _a Singh S.S. Au.
_9693812
942 _hV2:238.N8, M8
_cTEXL
_2CC
999 _c1155709
_d1155709